000 00443nam a2200133Ia 4500
008 211109s9999||||xx |||||||||||||| ||und||
082 _a894.8123
_bCHI-T
100 _aChidambara Natha Chettiyar, A
245 0 _aTherenjedutha Tamil Kathakal
260 _bSahithya Pravarthaka...
_aKottayam
_c1964
630 _xGeneral Stack
650 _aMalayalam Literature
_vmalayalam FictionMalayalam NovelMalayalam Short Stories
_xMalayalam
942 _cBOOK
999 _c27172
_d27172